| 000 | 00524nam a22001697a 4500 | ||
|---|---|---|---|
| 003 | OSt | ||
| 005 | 20191029062525.0 | ||
| 008 | 180316b xxu||||| |||| 00| 0 spa d | ||
| 040 | _cPJ | ||
| 100 |
_aIhering, Rudolf von _9126 |
||
| 245 | 1 | 3 |
_aLa lucha por el derecho / _cR. Von Ihering; versión de Adolfo Posada, prólogo de Leopoldo Alas. |
| 260 |
_aBuenos Aires : _bPerrot, _c1977. |
||
| 300 | _a140 p. | ||
| 490 |
_aLa Torre de Babel _v1 |
||
| 650 |
_aFILOSOFIA DEL DERECHO _9177 |
||
| 942 |
_2udc _cLIB _h340.12 _iIHE |
||
| 999 |
_c117 _d117 |
||